Vista normal Vista MARC

Entrada Meeting Name

Número de registros utilizados en: 1

001 - CONTROL NUMBER

  • control field: 64430

003 - CONTROL NUMBER IDENTIFIER

  • control field: OSt

005 - DATE AND TIME OF LATEST TRANSACTION

  • control field: 20250829201153.0

008 - FIXED-LENGTH DATA ELEMENTS

  • fixed length control field: 250829|| aca||aabn | a|a d

040 ## - CATALOGING SOURCE

  • Original cataloging agency: OSt
  • Transcribing agency: OSt

111 ## - HEADING--MEETING NAME

  • Meeting name or jurisdiction name as entry element: Cumbre de la Tierra Río+20
  • Location of meeting: Río de Janeiro, Brasil
  • Date of meeting or treaty signing: 2012

670 ## - SOURCE DATA FOUND

  • Source citation: Work cat.: (OSt)58929: Conferencia de las Naciones Unidas sobre el Desarrollo Sostenible. Cumbre de la Tierra Río +20 (2012 Río de Janeiro) 64417, Medio ambiente :









Instituto Departamental de Cultura del Meta - Red Departamental de Bibliotecas Públicas del Meta.